| 000 | 00783nam a2200205Ia 4500 | ||
|---|---|---|---|
| 008 | 130821s1970 ck gr spa | ||
| 040 |
_aCo-BoUCM _bspa |
||
| 041 | _aspa | ||
| 100 | 1 |
_aArboleda Valencia, Hernán _959462 |
|
| 245 | 1 | 0 |
_aDerecho matrimonial eclesiástico en relación con la legislación civil y concordataria de Colombia _cHernán Arboleda Valencia. |
| 260 |
_aBogotá (Colombia) _bTemis _c1970 |
||
| 300 | _axviii, 257 páginas | ||
| 650 | 0 | 4 |
_aDerecho canónico _912710 |
| 650 | 0 | 4 |
_aDerecho de familia _912734 |
| 650 | 0 | 4 |
_aDerecho de familia _zColombia _928897 |
| 650 | 0 | 4 |
_aMatrimonio (Derecho canónico) _919083 |
| 650 | 0 | 4 |
_aMatrimonio _xLegislación _zColombia _941686 |
| 942 |
_cLIBRO _a8 _e1 _mA71 _2DEWEY _h346.016 |
||
| 999 |
_c13747 _d13747 |
||